|
|
|
|
| LEADER |
00000nam0a2200000 4500 |
| 001 |
310884 |
| 005 |
20231102002330.0 |
| 020 |
|
|
|a RU
|b 82-37085
|
| 035 |
|
|
|a (RuTPU)RU\TPU\book\336237
|
| 090 |
|
|
|a 310884
|
| 100 |
|
|
|a 20151130d1982 km y0rusy5003 ca
|
| 101 |
0 |
|
|a rus
|
| 102 |
|
|
|a RU
|
| 105 |
|
|
|a a z 001zy
|
| 200 |
1 |
|
|a Современное значение палеонтологии для стратиграфии
|e труды XXIV сессии Всесоюзного палеонтологического общества, [23-27 января1978 г.]
|f Всесоюзное палеонтологическое общество (ВПО) ; под ред. И. Ф. Никитина, Т. Л. Модзалевской
|
| 210 |
|
|
|a Ленинград
|c Наука
|d 1982
|
| 215 |
|
|
|a 176 с.
|c ил.
|e 1 л. схем
|
| 320 |
|
|
|a Библиогр. в конце докл.
|
| 606 |
1 |
|
|a Палеонтология
|2 stltpush
|3 (RuTPU)RU\TPU\subj\47998
|9 66880
|
| 606 |
1 |
|
|a Стратиграфия
|2 stltpush
|3 (RuTPU)RU\TPU\subj\57192
|9 75055
|
| 610 |
1 |
|
|a стратиграфические схемы
|
| 610 |
1 |
|
|a палеонтологические характеристики
|
| 610 |
1 |
|
|a региональная геология
|
| 610 |
1 |
|
|a биостратиграфия
|
| 610 |
1 |
|
|a геологические объекты
|
| 610 |
1 |
|
|a изучение
|
| 610 |
1 |
|
|a сессии
|
| 675 |
|
|
|a 551.7(063)
|z rus
|v 3
|
| 702 |
|
1 |
|a Никитин
|b И. Ф.
|g Игорь Федорович
|4 340
|
| 702 |
|
1 |
|a Модзалевская
|b Т. Л.
|4 340
|
| 712 |
0 |
2 |
|a Всесоюзное палеонтологическое общество (ВПО)
|c (Ленинград)
|c (1949-1973)
|2 stltpush
|3 (RuTPU)RU\TPU\col\18815
|
| 712 |
1 |
2 |
|a Современное значение палеонтологии для стратиграфии
|c сессия
|d 24
|e Ленинград
|f 1978
|4 570
|
| 801 |
|
0 |
|a RU
|b RuMRKP
|c 19950704
|g psbo
|
| 801 |
|
1 |
|a RU
|b 63413507
|c 20151130
|
| 801 |
|
2 |
|a RU
|b 63413507
|c 20190924
|g RCR
|
| 942 |
|
|
|c BK
|